000 00318 a2200109 4500
001 ART_33053
005 20260410161926.0
008 260409a
245 1 0 _aPrecios de transferencia en el mercado de granos
100 1 _aGiordano, Ana Lucía
773 0 _tLecturas
_g- Nº 12 (jun. 2008)
_wREV19328
999 _c28186
_d28186